Differential manifolds /

Guardado en:
Autor Principal: Lang, Serge, 1927-2005.
Formato: Libro
Idioma:English
Publicado: Reading, Mass. : Addison-Wesley, c1972.
Series:Addison-Wesley series in mathematics
Etiquetas: Agregar Etiqueta
Sin Etiquetas, Sea el primero en etiquetar este registro!
LEADER 01036cam a22002175a 4500
001 MAT.inmabb002415
008 720315s1972####mau######b####001#0#eng#d
005 20130319114721.0
245 1 0 |a Differential manifolds /  |c Serge Lang. 
260 |a Reading, Mass. :  |b Addison-Wesley,  |c c1972. 
300 |a ix, 230 p. ;  |c 24 cm. 
440 0 |a Addison-Wesley series in mathematics 
500 |a Ed. rev. de: Introduction to differentiable manifolds. New York : Interscience, 1962. 
505 8 |a Capítulos: 1. Differential calculus -- 2. Manifolds -- 3. Vector bundles -- 4. Vector fields and differential equations -- 5. Differential forms -- 6. The theorem of Frobenius -- 7. Riemannian metrics -- 8. Integration of differential forms -- 9. Stokes' theorem. 
504 |a Bibliografía: p. 226-227. 
510 4 |a MR,  |c 55 #4241 
100 1 |a Lang, Serge,  |d 1927-2005. 
700 1 |a Lang, Serge,  |d 1927-2005.  |t Introduction to differentiable manifolds.  |4 ant 
084 |a 58-01  |2 msc2000 
010 |a  71161227  
859 |h 58  |i L269d  |p A-4084  |b BIB. MATEMATICA